01015nam a2200253 a 450000100100000000500170001000800410002702000150006804000250008308200200010810000380012824500550016626000340022130000210025549000540027665000340033065000480036483000630041291000070047504900090048295201240049195201290061599900170074400001223420200929162744.0091106s1999 pr 001 f spa d a1563281449 aDO-SdBNPbspacBNPHU aPR863.44bL864p1 aLópez Ramírez, Tomás92887610aParaje de tránsito /cTomás López Ramírez. aMadrid :bPlaza Mayor,c1999. a182 p. ;c21 cm.1 aBiblioteca de autores de Puerto Rico.aNovelav81 4aNovela puertorriqueña91185 4aLiteratura puertorriqueñaySIGLO XX95311 0aBiblioteca de autores de Puerto Rico ;pNovela.v81921993 aWM aBNGR 001052708MOaGRbGRcHDd2009-11-10iLF1l0oPR863.44 L864pp12234-10r2020-06-25w2020-06-25y2ZPréstamo interno 001053728MOaGRbGRcHDd2009-11-10iLF1l0oPR863.44 L864pp12234-20r2020-06-25te.2w2020-06-25y2ZPréstamo interno c11893d11893